Ley de tierras y colonización: decreto n° 2825 /

Bewaard in:
Bibliografische gegevens
Coauteurs: Costa Rica. Asamblea Legislativa, Costa Rica. Ministerio de Agricultura y Ganadería
Formaat: Texto
Gepubliceerd in: San José: Imprenta Nacional
Onderwerpen:
Tags: Voeg label toe
Geen labels, Wees de eerste die dit record labelt!

MARC

LEADER 00000 a a2200000 04500
001 16572
003
040
090 |a EXTRAVIADO  
110 |a Costa Rica. Asamblea Legislativa  
245 |a Ley de tierras y colonización: decreto n° 2825 /  |c Costa Rica. Asamblea Legislativa  
260 |a San José:   |b Imprenta Nacional  
300 |a 34 p.  
650 |a LEGISLACION  
650 |a REFORMA AGRARIA  
710 |a Costa Rica. Ministerio de Agricultura y Ganadería  
999 |c 10316  |d 10316